PSV Eindhoven Quiz - Statistics

General Stats
  • This quiz has been taken 61 times
  • The average score is 9 of 15
Answer Stats
Hint Answer % Correct
How many Eredivisie titles had PSV won? 26
98%
What is the name of the stadium PSV play in? Philips Stadion
90%
How many KNVB Bekers has PSV won? 11
84%
Who is the all time topscorer for PSV? Willy van der Kuijlen
82%
Ofcourse PSV is the biggest club in Eindhoven but did you know there is an other club in the city! Can you name that team? FC Eindhoven
78%
How many times had PSV won the Johan Cruijff schaal? 14
76%
What player was there most expensive outgoing transfer? Hirving Lozano
75%
Which keeper stopt the penalty that won PSV the Europa cup 1? Hans van Breukelen
73%
What is the nickname of PSV? (given by the fans) Boeren
65%
Which player made the switch from Ajax to PSV in 1986? Ronald Koeman
63%
Did you know that PSV never moved from there stadium! But what was the year they played there for first time? (This is year that they played there first ever match, not when they played for the first time with the PSV name) 1911
47%
There are two statues outside there stadium, if you have one question correct you already know one! But who is the other one? Coen Dillen
37%
In 1978 PSV won the Europa cup (Europa League) but who did they beat in the final? SEC Bastia
22%
Who is the longest serving managers in PSV history? Kees Rijvers
10%
Since the 2024/25 season PSV introduced a trophy to give to players who debut from the academy but what is the name of this trophy? De Frederik
6%
No matching quizzes found
Score Distribution
Percent of People with Each Score
Percentile by Number Answered
Your Score History
You have not taken this quiz